| 000 | 00488nam a22001817a 4500 | ||
|---|---|---|---|
| 005 | 20240109131437.0 | ||
| 008 | 230926b |||||||| |||| 00| 0 eng d | ||
| 082 |
_a612 _bMUS |
||
| 100 | _aMushtaq, Ahmad | ||
| 245 |
_aEssentials of Medical Physiology-2 / _cMushtaq, Ahmad. |
||
| 250 | _a5th ed. | ||
| 260 |
_aPakistan: _bIlmi book shop; _c2011. |
||
| 300 |
_aviii, 438 p: _bill; _c21 cm. |
||
| 490 | _vvol-2 | ||
| 500 | _aIncludes Index. | ||
| 650 | _aPhysiology/Medical | ||
| 999 |
_c33723 _d33723 |
||